| 000 | 00718nam a2200217 a 4500 | ||
|---|---|---|---|
| 001 | 18274 | ||
| 003 | BD-RjUL | ||
| 005 | 20211209000248.0 | ||
| 008 | 140220s1950 enk 001 0 eng d | ||
| 035 | _a(BD-RjUL)18332 | ||
| 040 |
_aBD-RjUL _beng _cBD-RjUL _dBD-RjUL |
||
| 041 | _aeng | ||
| 082 |
_a822.33 _bSTC 1950 |
||
| 100 | 1 |
_aStewart, J. I. M. _q(John Innes Mackintosh), _d1906-1994 _956264 |
|
| 245 | 1 | 0 |
_aCharacter and motive in Shakespeare : _bsome recent appraisals examined / _cby J.I.M. Stewart |
| 260 |
_aLondon : _bLongmans, Green, _c1950 |
||
| 300 |
_a147 p. ; _c22 cm |
||
| 600 | 1 | 0 |
_aShakespeare, William, _d1564-1616 _xCriticism and interpretation. _956267 |
| 942 |
_2ddc _cBK |
||
| 999 |
_c18274 _d18274 |
||